| 000 | 00649nam a2200181Ia 4500 | ||
|---|---|---|---|
| 008 | 151202s9999||||xx |||||||||||||| ||und|| | ||
| 082 | _bPNVM-66623 | ||
| 100 | _aभट विठ्ठलराय. | ||
| 245 | _aभारतरत्न मानकरी. | ||
| 260 | _b"दास्ताने रामचंद्र आणि कंपनी ,पुणे." | ||
| 260 | _c2004 | ||
| 300 | _a136 | ||
| 600 | _aभट विठ्ठलराय. | ||
| 630 | _aभारतरत्न मानकरी. | ||
| 700 | _aभट विठ्ठलराय. | ||
| 730 | _aभारतरत्न मानकरी. | ||
| 942 | _cBOOK | ||
| 999 |
_c1333155 _d1333152 |
||